Much a do about nothing (Record no. 595)

MARC details
000 -LEADER
fixed length control field 00439 a2200169 4500
001 - CONTROL NUMBER
control field 066550
003 - CONTROL NUMBER IDENTIFIER
control field OSt
005 - DATE AND TIME OF LATEST TRANSACTION
control field 20211001122520.0
008 - FIXED-LENGTH DATA ELEMENTS--GENERAL INFORMATION
fixed length control field
082 ## - DEWEY DECIMAL CLASSIFICATION NUMBER
Classification number 822.33
Item number S15M
100 1# - MAIN ENTRY--PERSONAL NAME
Personal name Shakespeare, William
245 1# - TITLE STATEMENT
Title Much a do about nothing
Statement of responsibility, etc by William Shakespeare
260 ## - PUBLICATION, DISTRIBUTION, ETC. (IMPRINT)
Place of publication, distribution, etc London
Name of publisher, distributor, etc Wordsworth
Date of publication, distribution, etc 2003
300 ## - PHYSICAL DESCRIPTION
Extent 143p.
690 ## - LOCAL SUBJECT ADDED ENTRY--TOPICAL TERM (OCLC, RLIN)
Topical term or geographic name as entry element History; English; International trade
942 ## - ADDED ENTRY ELEMENTS (KOHA)
Source of classification or shelving scheme Dewey Decimal Classification
Koha item type Books
Holdings
Withdrawn status Lost status Source of classification or shelving scheme Damaged status Not for loan Collection code Home library Current library Date acquired Source of acquisition Cost, normal purchase price Total Checkouts Full call number Barcode Date last seen Date checked out Price effective from Koha item type
    Dewey Decimal Classification     General Text Book Central University Of Rajasthan Central University Of Rajasthan 07/03/2012 ENG 105.00 2 822.33 S15M 836 13/03/2026 27/02/2026 02/09/2020 Books